British Prime Ministers by Birth County - Statistics

General Stats
  • This quiz has been taken 16 times
  • The average score is 4 of 77
Answer Stats
Picture Hint Answer % Correct
Boris Johnson New York, United States of America
79%
Sir Tony Blair Edinburgh, Scotland
29%
Margaret Thatcher Lincolnshire, England
29%
Sir Edward Heath Kent, England
14%
Sir Robert Walpole Norfolk, England
14%
Sir Winston Churchill Oxfordshire, England
14%
John Major Surrey, England
14%
Harold Wilson Yorkshire, England
14%
Harold Wilson Yorkshire, England
14%
Arthur Wellesley, 1st Duke of Wellington Dublin, Ireland
7%
James Callaghan Hampshire, England
7%
William Pitt the Younger Kent, England
7%
William Pitt the Younger Kent, England
7%
Sir Robert Peel Lancashire, England
7%
Sir Robert Peel Lancashire, England
7%
Edward Smith-Stanley, 14th Earl of Derby Lancashire, England
7%
Edward Smith-Stanley, 14th Earl of Derby Lancashire, England
7%
Edward Smith-Stanley, 14th Earl of Derby Lancashire, England
7%
William Ewart Gladstone Lancashire, England
7%
William Ewart Gladstone Lancashire, England
7%
William Ewart Gladstone Lancashire, England
7%
William Ewart Gladstone Lancashire, England
7%
David Lloyd George Lancashire, England
7%
Clement Attlee Middlesex, England
7%
George Hamilton-Gordon, 4th Earl of Aberdeen Midlothian, Scotland
7%
Sir Winston Churchill Oxfordshire, England
7%
Theresa May Sussex, England
7%
Spencer Compton, 1st Earl of Wilmington Warwickshire, England
7%
Neville Chamberlain Warwickshire, England
7%
Stanley Baldwin Worcestershire, England
7%
Stanley Baldwin Worcestershire, England
7%
Stanley Baldwin Worcestershire, England
7%
Charles Watson-Wentworth, 2nd Marquess of Rockingham Yorkshire, England
7%
Charles Watson-Wentworth, 2nd Marquess of Rockingham Yorkshire, England
7%
F. J. Robinson, 1st Viscount Goderich Yorkshire, England
7%
H. H. Asquith Yorkshire, England
7%
George Grenville Buckinghamshire, England
0%
William Grenville, 1st Baron Grenville Buckinghamshire, England
0%
William Petty, 2nd Earl of Shelburne Dublin, Ireland
0%
Arthur Wellesley, 1st Duke of Wellington Dublin, Ireland
0%
Anthony Eden Durham, England
0%
Arthur Balfour East Lothian, Scotland
0%
Ramsay MacDonald Elginshire, Scotland
0%
Ramsay MacDonald Elginshire, Scotland
0%
Sir Henry Campbell-Bannerman Glasgow, Scotland
0%
Robert Gascoyne-Cecil, 3rd Marquess of Salisbury Hertfordshire, England
0%
Robert Gascoyne-Cecil, 3rd Marquess of Salisbury Hertfordshire, England
0%
Robert Gascoyne-Cecil, 3rd Marquess of Salisbury Hertfordshire, England
0%
Thomas Pelham-Holles, 1st Duke of Newcastle Middlesex, England
0%
William Cavendish, 4th Duke of Devonshire Middlesex, England
0%
Thomas Pelham-Holles, 1st Duke of Newcastle Middlesex, England
0%
William Pitt, 1st Earl of Chatham Middlesex, England
0%
Augustus FitzRoy, 3rd Duke of Grafton Middlesex, England
0%
Frederick North, Lord North Middlesex, England
0%
Henry Addington Middlesex, England
0%
Spencer Perceval Middlesex, England
0%
Robert Jenkinson, 2nd Earl of Liverpool Middlesex, England
0%
George Canning Middlesex, England
0%
William Lamb, 2nd Viscount Melbourne Middlesex, England
0%
William Lamb, 2nd Viscount Melbourne Middlesex, England
0%
John Russell, 1st Earl Russell Middlesex, England
0%
Henry John Temple, 3rd Viscount Palmerston Middlesex, England
0%
Henry John Temple, 3rd Viscount Palmerston Middlesex, England
0%
John Russell, 1st Earl Russell Middlesex, England
0%
Benjamin Disraeli Middlesex, England
0%
Benjamin Disraeli Middlesex, England
0%
Archibald Primrose, 5th Earl of Rosebery Middlesex, England
0%
Harold Macmillan Middlesex, England
0%
Alec Douglas-Home Middlesex, England
0%
David Cameron Middlesex, England
0%
John Stuart, 3rd Earl of Bute Midlothian, Scotland
0%
Andrew Bonar Law New Brunswick, Canada
0%
Charles Grey, 2nd Earl Grey Northumberland, England
0%
William Cavendish-Bentinck, 3rd Duke of Portland Nottinghamshire, England
0%
William Cavendish-Bentinck, 3rd Duke of Portland Nottinghamshire, England
0%
Gordon Brown Renfrewshire, Scotland
0%
Henry Pelham Sussex, England
0%
No matching quizzes found
Score Distribution
Percent of People with Each Score
Percentile by Number Answered
Your Score History
You have not taken this quiz